[Event "RM-2022-0-00252"]
[Site "LSS email"]
[Date "2022.01.09"]
[Round "?"]
[White "Tyutyunnik, Roman"]
[Black "Rolle, Hannes"]
[Result "1/2-1/2"]
[WhiteElo "2273"]
[BlackElo "2271"]
[PlyCount "43"]
[EventDate "2021.12.15"]
[EventType "tourn (corr)"]
[EventRounds "6"]
[EventCountry "GER"]
[SourceTitle "Corr 2024"]
[Source "ChessBase"]
[SourceDate "2023.10.19"]
[SourceVersion "1"]
[SourceVersionDate "2023.10.19"]
[SourceQuality "1"]

1. e4 c5 2. Nf3 d6 3. d4 cxd4 4. Nxd4 Nf6 5. Nc3 a6 6. h3 e5 7. Nb3 Be6 8. Be3 Be7 9. Qf3 0-0 10. 0-0-0 b5 11. g4 b4 12. Nd5 Nxd5 13. exd5 Bc8 14. Bd3 Nd7 15. Nd2 Qc7 16. h4 a5 17. h5 Nc5 18. Bxc5 Qxc5 19. Ne4 Qc7 20. Rdg1 f5 21. gxf5 Bxf5 22. Nf6+ 1/2-1/2

[Event "RM-2021-0-00245"]
[Site "LSS email"]
[Date "2021.09.25"]
[Round "?"]
[White "Bordenave, Roberto"]
[Black "Tyutyunnik, Roman"]
[Result "1/2-1/2"]
[WhiteElo "2262"]
[BlackElo "2268"]
[PlyCount "38"]
[EventDate "2021.06.08"]
[EventType "tourn (corr)"]
[EventRounds "6"]
[EventCountry "GER"]
[SourceTitle "Corr 2024"]
[Source "ChessBase"]
[SourceDate "2023.10.19"]
[SourceVersion "1"]
[SourceVersionDate "2023.10.19"]
[SourceQuality "1"]

1. d4 Nf6 2. c4 g6 3. Nc3 Bg7 4. e4 d6 5. Nf3 0-0 6. Be2 e5 7. 0-0 Nc6 8. d5 Ne7 9. b4 Nh5 10. Re1 f5 11. a4 a5 12. bxa5 Rxa5 13. exf5 Nxf5 14. Bg5 Nf6 15. Bd3 Nh6 16. Ne4 Nf7 17. Bd2 Ra8 18. a5 Bg4 19. h3 Nxe4 1/2-1/2

[Event "RM-2021-0-00241"]
[Site "LSS email"]
[Date "2021.06.02"]
[Round "?"]
[White "Tyutyunnik, Roman"]
[Black "Cirulis, Ilmars"]
[Result "1/2-1/2"]
[WhiteElo "2262"]
[BlackElo "2285"]
[PlyCount "50"]
[EventDate "2021.03.25"]
[EventType "tourn (corr)"]
[EventRounds "6"]
[EventCountry "GER"]
[SourceTitle "Corr 2024"]
[Source "ChessBase"]
[SourceDate "2023.10.19"]
[SourceVersion "1"]
[SourceVersionDate "2023.10.19"]
[SourceQuality "1"]

1. d4 Nf6 2. c4 g6 3. Nc3 Bg7 4. e4 d6 5. Nf3 0-0 6. Be2 e5 7. 0-0 Nc6 8. d5 Ne7 9. b4 Nh5 10. Re1 f5 11. Ng5 Nf6 12. Bf3 h6 13. Ne6 Bxe6 14. dxe6 c6 15. Bb2 fxe4 16. Nxe4 Nxe4 17. Rxe4 d5 18. cxd5 cxd5 19. Rxe5 Bxe5 20. Bxe5 Qb6 21. Bb2 Rad8 22. Qd2 Qxe6 23. Re1 Qf7 24. Qxh6 d4 25. Rxe7 Qxe7 1/2-1/2